000 00427nam a22001457a 4500
005 2012072704484.0
020 _a97881889738211
_c100.00
037 _adpl
100 _aDatta, Debasish
_91172
245 _aWorld cup cricket quiz/
_cby Datta Debasish
260 _aNew Delhi
_bNiyogi Offset Pvt. Ltd.
_c2007
270 _aD-78, Okhla industrial area, phase-I
_bNew Delhi
_e110020
300 _a68 p.
_c22 cm.
942 _2ddc
_cEN
_mDAT
999 _c68747
_d68747